000 00380nam a22001577a 4500
020 _a9780070681798
082 _a621.815 BHA
100 _aBhandari, V.B.
245 _aDesign of Machine Elements
250 _a3rd ed.
260 _aNew Delhi, India
_bMcGraw Hill
_c2010
300 _axxv, 934 p.
_bill. ;
500 _aIncludes index.
650 _aMachine design.
942 _cBK
999 _c12406
_d12406